| 000 | 00812 a2200253 4500 | ||
|---|---|---|---|
| 003 | Nust | ||
| 005 | 20170207154017.0 | ||
| 010 | _a 2005048179 | ||
| 020 | _a0849340586 (alk. paper) | ||
| 020 | _a9780849340581 | ||
| 035 | _a(OCoLC)ocm61151605 | ||
| 040 | _cNust | ||
| 082 | 0 | 0 | _a005.432 |
| 100 | 1 | _aRaghavan, P. | |
| 245 | 1 | 0 |
_aEmbedded Linux system design and development (E-BOOK) _cP. Raghavan, Amol Lad, Sriram Neelakandan. |
| 260 |
_aBoca Raton, FL : _bAuerbach Publications, _c2006. |
||
| 300 |
_axxviii, 400 p. : _bill. ; _c27 cm. |
||
| 650 | 0 | _aEmbedded computer systems. | |
| 650 | 0 | _aOperating systems (Computers) | |
| 651 | _aE-BOOK | ||
| 700 | 1 | _aLad, Amol. | |
| 700 | 1 | _aNeelakandan, Sriram. | |
| 856 | 4 | 2 |
_3Publisher description _uhttp://www.loc.gov/catdir/enhancements/fy0701/2005048179-d.html |
| 942 |
_2ddc _cBK |
||
| 999 |
_c191465 _d191465 |
||